| 000 | 01219nam a22002057a 4500 | ||
|---|---|---|---|
| 008 | 240417t2024 xxk|||||s|||| 00| 0 eng d | ||
| 041 | _aeng | ||
| 110 | _aQuickbase | ||
| 245 |
_aThe Golden Thread of Information _bHow to Effectively Plan & Manage Building Safety |
||
| 260 |
_bQuickbase, _c2024 |
||
| 300 | _a9p. | ||
| 520 | _aFrom design and construction to operations and management, The Golden Thread ensures all stakeholders have access to the same key safety information in order to mitigate future risks throughout a building’s lifecycle. This eBook from quickbase (available after filling out a form) explains why it’s more important than ever to have safety baked into the culture of a construction company and how a new dynamic approach to building management is cutting down on dangerous data fragmentation and helping construction companies reach their safety goals faster. | ||
| 650 | _aBUILDING SAFETY | ||
| 650 | _aBUILDING SAFETY ACT 2022 | ||
| 650 | _aGOLDEN THREAD OF INFORMATION | ||
| 650 | _aPLANNING | ||
| 651 | _aUnited Kingdom | ||
| 856 |
_uhttps://www.quickbase.com/ebook-the-golden-thread-of-information _zAvailable from quickbase after filling out a form |
||
| 942 | _n0 | ||
| 999 |
_c121904 _d121904 |
||